000 00417cam a2200145 4500500
005 20251012032440.0
041 _afre
042 _adc
100 1 0 _aSesé, Bernard
_eauthor
245 0 0 _aPoétique du secret
260 _c1999.
500 _a49
786 0 _nSigila | 3 | 2 | 1999-12-20 | p. 121-132 | 1286-1715
856 4 1 _uhttps://shs.cairn.info/revue-sigila-1999-1-page-121?lang=fr&redirect-ssocas=7080
999 _c1547284
_d1547284